[Event "Charlotte Holiday GM 2020"]
[Site "Charlotte"]
[Date "2020.12.30"]
[Round "8.1"]
[White "Stremavicius, Titas"]
[Black "Stearman, Josiah"]
[Result "1/2-1/2"]
[WhiteElo "2485"]
[BlackElo "2391"]
[Annotator "TA"]
[PlyCount "103"]
[EventDate "2020.12.26"]
[EventType "tourn"]
[EventCountry "USA"]
[SourceTitle "playchess.com"]
[Source "ChessBase"]
[SourceQuality "1"]

{[%evp 13,103,17,19,15,16,16,24,19,4,0,0,0,58,58,84,81,72,85,82,86,71,80,124,110,123,112,119,117,173,148,191,186,167,182,240,262,209,210,995,986,1443,29977,29977,3039,5924,6024,1642,3272,6031,5755,5018,5010,1381,0,583,613,586,559,672,597,590,593,555,156,140,134,154,149,142,6,252,265,393,266,585,545,474,410,416,409,405,364,335,268,633,41,39,0,490,0,39,0]} 1. c4 c6 2. d4 d5 3. cxd5 cxd5 4. Nc3 Nf6 5. Bf4 Nc6 6. e3 Bf5 7. Qb3 Na5 8. Qa4+ {D10: Slav Defence: 3 cxd5 (without early Nf3) and 3 Nc3.} Bd7 9. Qc2 e6 10. Nf3 {White has an edge.} Nh5 11. Be5 $1 {[%mdl 4] is now more promising than 11.Bg5.} f6 12. Bg3 Nxg3 (12... Bb4 $11) 13. hxg3 $14 g6 14. Bd3 {Bxg6+! is the strong threat.} f5 15. g4 Nc6 16. gxf5 gxf5 17. g4 {[%cal Rg4f5]} Qf6 18. gxf5 {[#]} O-O-O $146 ({Predecessor:} 18... Bb4 19. fxe6 Bxe6 20. Ne5 Nxe5 21. dxe5 Qf3 22. Rh6 Ke7 23. a3 Bc5 24. Ne4 {1-0 (24) Artemiev,V (2554)-Lei,T (2320) Chongqing 2013}) 19. Ne5 Nb4 20. Qe2 exf5 (20... Nxd3+ $16 21. Qxd3 Bd6) 21. Rc1 $18 Kb8 22. Bb5 $1 Bxb5 23. Qxb5 (23. Nxb5 $6 Nc6 $14) 23... Bd6 (23... Qe6 $142 24. Qa5 Be7) 24. Nd7+ (24. Nxd5 Nxd5 25. Nc6+ Ka8 $15) 24... Rxd7 25. Qxd7 Qg6 (25... Rd8 26. Qb5 (26. Qxh7 Nd3+ 27. Kd2 Nxc1 $16) 26... a6) 26. Nb5 Bh2 27. Rxh2 Qg1+ 28. Ke2 (28. Kd2 $142 Qxh2 29. Rc7 Qxf2+ 30. Kc3 Qc2+ 31. Kxb4 Qxb2+ 32. Kc5 Qc2+ 33. Kd6) 28... Qxc1 29. Qd6+ {[%mdl 64] Double Attack} Ka8 30. Nc7+ {[%mdl 64] Double Attack} Kb8 31. Nxd5+ Ka8 32. Nc7+ Kb8 33. Nd5+ (33. Ne8+ $142 Kc8 34. Qe6+ Kd8 35. Qf6+ Kd7 36. Qf7+ (36. Qxh8 Qc2+ 37. Kf3 Qe4+ 38. Ke2 Qd3+ 39. Kf3 Qe4+ 40. Ke2 Qd3+ 41. Kf3 Qe4+ $11) 36... Kd8 37. Nf6 (37. Qxb7 Qc2+ 38. Kf3 Qd1+ 39. Kg2 Rg8+ 40. Ng7 Qg4+ {[%mdl 64] Double Attack} 41. Kh1 Qxg7 $11) (37. Qxf5 Rxe8 38. Qa5+ Qc7 $14) (37. Rxh7 Rxh7 38. Qxh7 Qc2+ 39. Kf1 Nd3 $17 {[%mdl 64] Double Attack})) 33... Ka8 34. Nxb4 Qxb2+ 35. Kf3 Qb1 {White must now prevent ...Qd1+.} 36. Rh4 Qd1+ 37. Kf4 Qg1 38. Kxf5 $2 (38. Nd3 $18 {and the rest is easy.}) 38... Qxf2+ $16 39. Rf4 Qxe3 {Hoping for ...Qh3+.} 40. Nd5 $1 {[%cal Rd5c7] White threatens Nc7+ and mate.} Qh3+ {[#]} 41. Rg4 ({Better is} 41. Kf6 $1 $16 {White wants to mate with Nc7+.} Qh6+ 42. Ke5 Re8+ 43. Ne7) 41... a6 $2 {[#]} (41... Qh5+ $1 $11 42. Kf4 Qh2+ {[%mdl 64] Double Attack} 43. Rg3 Qf2+ {[%mdl 64] Double Attack} 44. Ke4 (44. Rf3 Qh2+ 45. Rg3 Qf2+ {[%mdl 64] Double Attack} 46. Ke4 Re8+ 47. Kd3 Qe2+ 48. Kc3 Rc8+ 49. Kb4 Qc4+ 50. Ka3 Qc1+ 51. Ka4 Qc2+ 52. Ka3 Qc1+ 53. Ka4 Qc2+ 54. Rb3 Rc6 $14) 44... Re8+ 45. Kd3 Qe2+ 46. Kc3 Rc8+ 47. Kb4 Qc4+ 48. Ka3 Qc1+ 49. Ka4 Qc2+ 50. Ka3 Qc1+ 51. Ka4 Qc2+ 52. Ka5 Qxa2+ 53. Ra3 Qd2+ 54. Nb4 Qc1) 42. Nf4 $1 $18 {[%cal Rf4h3]} ({Inferior is} 42. Nb6+ Ka7 $11) 42... Qf1 (42... Qc3 {might work better.} 43. Rg7 h5) 43. Rg7 h5 $2 (43... Qb1+ {is tougher.} 44. Ke5 h5) 44. Qb4 {[%csl Gg7][%cal Rb4b7]} Rb8 45. Rf7 h4 46. Qb3 Qf2 47. d5 Qc5 48. a4 Ka7 $2 (48... Qd4 49. Qd3 Qb6) 49. Ne6 $2 (49. Ke5 $18 {aiming for Ne6.} Qc1 50. Ne6) 49... Qf2+ $14 50. Nf4 $2 {[%mdl 8192]} (50. Kg6 $14 Rg8+ 51. Ng7 Qg3+ 52. Qxg3 hxg3 53. Rf3) 50... Qc5 $1 $18 51. Ne6 (51. Ke5 $18) 51... Qf2+ $14 52. Nf4 {Weighted Error Value: White=0.47/Black=0.42} (52. Kg6 $5 {[%cal Rf7f2]} Rg8+ 53. Rg7 Qg2+ 54. Kf6 Qf2+ 55. Ke7 Rxg7+ 56. Nxg7 $16) 1/2-1/2

[Event "Charlotte Holiday GM 2020"]
[Site "Charlotte"]
[Date "2020.12.30"]
[Round "8.2"]
[White "Gauri, Shankar"]
[Black "Mishra, Abhimanyu"]
[Result "0-1"]
[WhiteElo "2356"]
[BlackElo "2338"]
[Annotator "TA"]
[PlyCount "159"]
[EventDate "2020.12.26"]
[EventType "tourn"]
[EventCountry "USA"]
[SourceTitle "playchess.com"]
[Source "ChessBase"]
[SourceQuality "1"]

{[%evp 23,159,0,0,0,0,0,0,0,0,0,25,13,19,12,20,0,17,9,8,0,38,0,0,-47,-46,-71,-29,-30,0,-10,0,0,0,0,0,0,0,0,8,0,15,0,0,0,0,0,0,-10,10,3,10,-72,-64,-73,-64,-78,303,-70,-52,-51,0,-302,-306,-413,-415,-461,-416,-352,-221,-220,-231,-231,-231,-231,-231,-237,-209,-218,-229,-229,-197,-252,-237,-313,-313,-354,-348,-353,-310,-304,-295,-391,-390,-536,-536,-536,-536,-536,-532,-536,-535,-510,-490,-452,-561,-631,-535,-652,-615,-744,-738,-723,-716,-704,-698,-677,-657,-2033,-1979,-1445,-1445,-1302,-1209,-4971,-4971,-10068,-10051,-29960,-12114,-29969,-29971,-29972,-29973,-29973,-29974,-29974,-29974,-29968]} 1. Nf3 d5 2. c4 c6 3. e3 Nf6 4. Nc3 e6 5. b3 Bd6 6. Bb2 O-O 7. d4 Nbd7 8. Be2 b6 9. O-O Bb7 10. Qc2 Qe7 11. Rad1 Rad8 12. Rfe1 Rfe8 13. Bf1 {D45: Semi-Slav: 5 e3.} c5 14. cxd5 exd5 15. g3 {The position is equal.} Rc8 16. Qb1 cxd4 17. Nxd4 Bb4 18. Rc1 Ne5 19. Bh3 Rcd8 {[#]} 20. Bg2 $146 ({Predecessor:} 20. Red1 Bc5 21. Bg2 g6 22. h3 h5 23. Rd2 Bb4 24. Rdc2 Nd3 25. Rd1 Nxb2 26. Qxb2 {1-0 (46) Sasikiran,K (2684)-Brkic,A (2530) Sibenik 2008}) 20... Ne4 21. f3 Nf6 22. Red1 (22. a3 $5 Bxa3 23. Bxa3 Qxa3 24. Ncb5 $11) 22... Ba6 23. a3 Bc5 24. Kh1 Bxd4 25. exd4 Ng6 26. Re1 Qd7 27. Qc2 h5 28. h4 Qd6 29. Qf2 Ne7 30. Bh3 Bd3 31. Re3 Bf5 {[#]} 32. Nb5 $1 Qd7 33. Bf1 Rc8 34. Qe1 Be6 35. a4 a6 {Hoping for ...Nf5.} 36. Rxc8 Rxc8 37. Nc3 (37. Na3 $1 $11 {keeps the balance.}) 37... Nf5 $1 $36 {[%cal Rf5e3][%mdl 2048] White is under pressure.} 38. Bxa6 Ra8 39. Bb5 Qc7 {[%mdl 8192]} (39... Qd6 $17 {keeps the pressure on.} 40. Re5 Nxd4 {[%mdl 64] Double Attack}) 40. Re5 (40. Rxe6 $18 Qxg3 41. Qxg3 Nxg3+ 42. Kg2 fxe6 43. Kxg3) 40... Nxd4 $15 {[%mdl 64] Double Attack} 41. Kg2 {[#]} Ne4 42. Rxe4 $4 {[%mdl 8192] White is now going downhill.} ({Avoid the trap} 42. Rxh5 $2 Nc2 $1 $19) (42. Rxe6 $1 $11 {and White stays safe.} fxe6 43. Nxe4 (43. fxe4 Nxb5 44. Nxb5 Qc2+ {[%mdl 64] Double Attack} 45. Qf2 Qxe4+ 46. Qf3 Qc2+ {[%mdl 64] Double Attack} 47. Qf2 Qe4+ 48. Qf3 Qc2+ {[%mdl 64] Double Attack} 49. Qf2 Qe4+ $11) 43... Nxb5 44. Nf2) 42... dxe4 $19 43. Qxe4 Rd8 44. Bf1 Nf5 45. Ne2 Nxg3 46. Be5 Nxe4 47. Bxc7 Rd7 48. Bxb6 Nd2 49. Nd4 Bxb3 (49... Nxb3 50. Nxe6 fxe6 51. a5 $11) 50. Bb5 {[#]} Rd6 {[%cal Rd6b6]} 51. a5 Bc4 {...Rxd4! is the strong threat.} 52. Ba4 (52. Bc6 $142) 52... Ba6 53. Nc6 Nc4 54. Bc7 Rd7 55. Bf4 Rb7 56. Kg3 Rb1 57. Nb8 Bb5 58. Bxb5 Rxb5 {[%mdl 4096] Endgame KRN-KBN} 59. a6 Ra5 60. Bc7 Ra4 61. Kf2 f6 62. Ke2 Ra3 63. f4 g6 64. Kd1 Kf7 65. Kc2 Ke6 66. Kb1 Kd5 67. Kc2 Kd4 {aiming for ...Rc3+.} 68. Nc6+ Kc5 69. Nb8 Kd5 70. Bd8 Kd6 71. Kd1 Rb3 72. a7 Ra3 73. Bxf6 Rxa7 74. Kc2 Ra8 75. Kc3 Rxb8 76. Kxc4 Ke6 {Black mates.} 77. Bg5 Kf5 78. Kd4 Re8 79. Kd3 Re4 80. Bh6 {Weighted Error Value: White=0.38/Black=0.22} 0-1

[Event "Charlotte Holiday GM 2020"]
[Site "Charlotte"]
[Date "2020.12.30"]
[Round "8.3"]
[White "Sheng, Joshua"]
[Black "Yip, Carissa"]
[Result "1/2-1/2"]
[WhiteElo "2474"]
[BlackElo "2421"]
[Annotator "TA"]
[PlyCount "83"]
[EventDate "2020.12.26"]
[EventType "tourn"]
[EventCountry "USA"]
[SourceTitle "playchess.com"]
[Source "ChessBase"]
[SourceQuality "1"]

{[%evp 13,83,28,52,41,49,50,68,54,56,56,52,48,53,42,82,52,38,53,116,87,106,16,16,15,15,25,46,15,16,17,17,20,10,10,20,4,14,7,8,11,56,39,27,33,34,25,16,28,44,42,17,0,38,35,44,36,45,42,74,72,65,63,109,70,79,80,79,70,74,0,115,103]} 1. d4 Nf6 2. c4 g6 3. Nc3 Bg7 4. e4 O-O 5. h3 d6 6. Be3 e5 7. d5 a5 8. g4 {E71: King's Indian: 4 e4 d6 5 h3.} Na6 9. Nge2 c6 10. Ng3 {White is slightly better.} cxd5 11. cxd5 Bd7 12. Qd2 Nc5 13. f3 a4 14. h4 Qa5 15. h5 Rfc8 {[#]} (15... b5 $14) 16. Rb1 $146 ({Predecessor:} 16. hxg6 fxg6 17. g5 Ne8 18. Rb1 Nc7 19. Bh3 Bxh3 20. Rxh3 Nb5 21. Nge2 Qb4 22. a3 {0-1 (54) Almeida Quintana,O (2550)-Garcia Pantoja,R (2514) Santa Clara 2019}) 16... b5 {[#]} 17. Nd1 (17. hxg6 $1 $16 fxg6 18. g5) 17... Qxd2+ $11 18. Bxd2 Rab8 19. Nf2 Be8 20. Nd3 Nxd3+ 21. Bxd3 Nd7 22. Kf2 Nc5 23. Be2 Bf6 24. Rhc1 Bd7 25. Be3 Bd8 26. Kg2 f6 27. hxg6 hxg6 28. Rh1 Be7 29. f4 exf4 30. Bxf4 Kg7 31. Bh6+ Kg8 32. Be3 {Black must now prevent g5!} Kg7 33. Bd4 Rh8 34. g5 Rxh1 35. Rxh1 Be8 36. Rc1 $36 {[%mdl 2048] Hoping for gxf6+. White is on the roll.} Nd7 37. Rc7 {Threatens to win with Bg4.} Bd8 38. Rc6 Be7 39. Bg4 {Bxd7 is the strong threat.} Ne5 40. Rc7 Kf8 {[#]} 41. gxf6 (41. Be6 $1 $16) 41... Bxf6 (41... Bd8 $11 42. Bxe5 Bxc7) 42. Be6 {Weighted Error Value: White=0.13/Black=0.15} 1/2-1/2

[Event "Charlotte Holiday GM 2020"]
[Site "Charlotte"]
[Date "2020.12.30"]
[Round "8.4"]
[White "Daggupati, Balaji"]
[Black "Dragun, Kamil"]
[Result "0-1"]
[WhiteElo "2399"]
[BlackElo "2565"]
[Annotator "TA"]
[PlyCount "104"]
[EventDate "2020.12.26"]
[EventType "tourn"]
[EventCountry "USA"]
[SourceTitle "playchess.com"]
[Source "ChessBase"]
[SourceQuality "1"]

{[%evp 12,104,10,-14,0,-5,-8,-6,-5,-4,0,-2,0,-1,-3,-11,0,0,0,0,8,-104,-95,-103,-93,-100,-101,-130,-130,-119,-125,-187,-187,-187,-187,-187,-184,-195,-195,-210,-209,-276,-255,-261,-268,-308,-301,-320,-312,-506,-503,-585,-566,-705,-705,-695,-689,-672,-662,-574,-314,-314,-314,-314,-313,-313,-313,-313,-279,-313,-313,-306,-304,-304,-270,-313,-313,-313,-313,-313,-306,-541,-541,-541,-541,-532,-493,-493,-431,-748,-292,-12837,-12836,-1382,-385]} 1. e4 c5 2. Nf3 d6 3. d4 cxd4 4. Qxd4 Nf6 5. Bb5+ Bd7 6. Bxd7+ Nbxd7 7. Nc3 g6 {B52: Sicilian: Moscow Variation with 3...Bd7.} 8. Nd5 Bg7 9. c3 O-O {The position is equal.} 10. O-O Nxd5 11. Qxd5 Qb6 {[#]} 12. Rb1 $146 ({Predecessor:} 12. Bg5 Rfe8 13. Qd2 Nc5 14. Rae1 Qa6 15. a3 Qa4 16. Qe2 Rac8 17. Bh4 b5 18. Bg3 {0-1 (64) Ganzer,M (1708)-Tassone,R (1917) GER email 2013}) 12... Qa6 13. Bg5 Nf6 (13... Rfe8 {feels hotter.} 14. Rfe1 Nc5 15. a3 h6 16. Bh4 Qc6) 14. Bxf6 Bxf6 15. Rfe1 Rac8 16. e5 {[#]} (16. a3 $11) 16... Rc5 $1 $17 {Black keeps a firm grip on the game.} 17. Qd4 (17. Qb3 dxe5) 17... Bxe5 18. Nxe5 Rxe5 19. Rxe5 dxe5 20. Qxe5 Qxa2 {[%mdl 4096] Endgame KQR-KQR} 21. Re1 (21. Qe4 $17 {might work better.}) 21... Qxb2 $19 22. h4 e6 23. h5 {White threatens h6 and mate.} Qd2 24. Rb1 {[#]} b6 $1 25. Qc7 {[#]} Ra8 $1 (25... gxh5 26. Qxa7 Qxc3 27. Qxb6) 26. g3 Qd8 ({Resist} 26... gxh5 27. Ra1 $19) 27. Qf4 Qd3 ({Don't play} 27... gxh5 28. Rb5 $19) 28. Qb4 Rc8 29. Ra1 Qxc3 ({Much less strong is} 29... gxh5 30. Rxa7 Qxc3 31. Qxb6 $19) (29... Rxc3 30. Qf4 $19) 30. Qa4 (30. Qxc3 {is the only way for White.} Rxc3 31. hxg6) 30... a5 {[%cal Ba7a5,Ba5a4][%mdl 32]} 31. h6 Qd2 32. Qh4 b5 33. Kg2 a4 34. Rb1 Rc2 35. Qf6 {[%csl Gh6][%cal Rf6g7]} Qxh6 36. Rxb5 {Threatens to win with Rb8+.} Rc8 37. Ra5 Qg7 38. Qf4 Qc3 39. Ra7 Rf8 40. Qxa4 Kg7 41. Qe4 {If only White now had time for Qxe6....} Qf6 42. Ra3 Rd8 43. Rf3 Qd4 44. Qb7 Rd7 45. Qb3 h5 46. Qc2 $2 (46. Rf4 Qc5 47. Qc4 Qxc4 48. Rxc4) 46... h4 47. gxh4 Qxh4 48. Rg3 Qd4 49. Re3 Rd5 50. Re4 (50. Rg3 $142 Rf5 51. Rh3) 50... Qd2 $2 (50... Rg5+ 51. Kf1 Qa1+ 52. Re1 Qa6+ 53. Qe2 Qb7) 51. Qb1 $2 (51. Qxd2 Rxd2 52. Kf3) 51... Rg5+ 52. Kf1 Qc3 $2 {Weighted Error Value: White=0.34/Black=0.10} (52... Rh5 53. Rg4 Qc3) 0-1

[Event "Charlotte Holiday GM 2020"]
[Site "Charlotte"]
[Date "2020.12.30"]
[Round "8.5"]
[White "Plotkin, Mark"]
[Black "Belous, Vladimir"]
[Result "1/2-1/2"]
[WhiteElo "2435"]
[BlackElo "2524"]
[Annotator "TA"]
[PlyCount "29"]
[EventDate "2020.12.26"]
[EventType "tourn"]
[EventCountry "USA"]
[SourceTitle "playchess.com"]
[Source "ChessBase"]
[SourceQuality "1"]

{[%evp 10,29,8,0,45,31,25,24,43,33,33,25,28,14,13,13,8,0,0,0,8,0]} 1. e4 c5 2. c3 Nf6 3. e5 Nd5 4. d4 cxd4 5. Nf3 Nc6 6. Bc4 Nc7 {B22: Sicilian: 2 c3.} 7. cxd4 d5 8. exd6 exd6 {White has an edge.} 9. d5 Ne5 10. Be2 {[#]} Bg4 $146 ({Predecessor:} 10... Be7 11. Nc3 Nxf3+ 12. Bxf3 O-O 13. O-O Bf5 14. Ne4 Na6 15. Bf4 Rc8 16. Rc1 Rxc1 17. Qxc1 {1-0 (28) Tairova,E (2422)-Girya,O (2335) Dagomys 2009}) 11. Nxe5 Bxe2 {The position is equal.} 12. Qxe2 dxe5 13. Qxe5+ Qe7 14. Qxe7+ Bxe7 15. Nc3 {Weighted Error Value: White=0.06/Black=0.10} 1/2-1/2

[Event "Charlotte Holiday GM 2020"]
[Site "Charlotte"]
[Date "2020.12.31"]
[Round "9.2"]
[White "Dragun, Kamil"]
[Black "Plotkin, Mark"]
[Result "1-0"]
[WhiteElo "2565"]
[BlackElo "2435"]
[Annotator "TA"]
[PlyCount "51"]
[EventDate "2020.12.26"]
[EventType "tourn"]
[EventCountry "USA"]
[SourceTitle "playchess.com"]
[Source "ChessBase"]
[SourceQuality "1"]

{[%evp 14,51,57,55,62,57,63,66,68,56,90,66,84,80,97,77,173,170,192,214,270,264,552,516,793,782,962,836,1737,1725,6804,6321,29983,1614,1470,1458,1384,1063,2615,1993]} 1. e4 g6 2. d4 Bg7 3. Nc3 c6 4. f4 d5 5. e5 Nh6 6. Nf3 Bg4 7. h3 Bxf3 8. Qxf3 ({But not} 8. gxf3 Nf5 $15) 8... Qb6 {B15: Caro-Kann: 3 Nc3: 3...g6 and 3...dxe4 4 Nxe4 Nf6 5 Nxf6+ exf6.} 9. Ne2 f6 10. g4 fxe5 {White is slightly better.} 11. fxe5 Na6 {[#] Black is now going downhill.} 12. Bg2 $146 ({Predecessor:} 12. c3 Nc7 {½-½ (12) Carmaciu,L (2398)-Sanduleac,V (2386) Mamaia 2015}) 12... Rf8 13. Qc3 e6 14. Be3 c5 (14... Qb4 $16) 15. dxc5 $18 Qc7 16. Nd4 Qxe5 {[#] ...Qg3+ is the strong threat.} 17. O-O-O $1 Rc8 $2 (17... O-O-O 18. c6 bxc6 19. Qxc6+ Nc7) 18. Kb1 {aiming for Bxh6.} Rxc5 (18... Nf7 $142 19. Nxe6 Qxc3 20. bxc3 Bxc3 21. Bxd5 Ne5 22. Nxf8 Kxf8 23. Bh6+ Ke7 24. Bg5+ Kf8) 19. Qb3 Nc7 20. Rhe1 {And now Nxe6! would win.} Nf7 {[#]} 21. Nxe6 $1 {[%mdl 576] Discovered Attack} Qxe6 (21... Rc6 22. Nxc7+) 22. Bxc5 Be5 23. Bxf8 (23. Bxd5 $142 Nxd5 24. Rxd5 Qc6 25. Rexe5+ Nxe5 26. Rxe5+ Kd8 27. Rd5+ Kc7 28. Bxf8) 23... Kxf8 {White is clearly winning.} 24. Bxd5 Nxd5 25. Qxd5 Qf6 26. Rf1 {Weighted Error Value: White=0.12/Black=1.07} 1-0

[Event "Charlotte Holiday GM 2020"]
[Site "Charlotte"]
[Date "2020.12.31"]
[Round "9.3"]
[White "Yip, Carissa"]
[Black "Daggupati, Balaji"]
[Result "1-0"]
[WhiteElo "2421"]
[BlackElo "2399"]
[Annotator "TA"]
[PlyCount "99"]
[EventDate "2020.12.26"]
[EventType "tourn"]
[EventCountry "USA"]
[SourceTitle "playchess.com"]
[Source "ChessBase"]
[SourceQuality "1"]

{[%evp 37,99,35,43,34,37,42,73,11,16,5,13,-39,-39,-38,-37,-35,31,39,41,38,22,6,36,29,37,48,42,32,50,42,51,56,56,56,56,77,82,8,8,10,36,54,44,22,27,31,44,77,628,620,855,855,483,527,855,847,847,610,595,595,588,584,29980,29981]} 1. e4 c5 2. Nf3 Nc6 3. d4 cxd4 4. Nxd4 Nf6 5. Nc3 e5 6. Ndb5 d6 7. Bg5 a6 8. Na3 b5 9. Nd5 Be7 10. Bxf6 Bxf6 11. c3 Bg5 12. Nc2 O-O 13. a4 bxa4 14. Rxa4 a5 15. Bc4 Rb8 16. b3 Kh8 17. O-O f5 18. exf5 Bxf5 19. Nce3 Bg6 20. Qe2 {B33: Sicilian: Pelikan and Sveshnikov Variations.} Qd7 21. Rfa1 Qb7 {[#]} 22. R1a3 $146 (22. Qg4 $16 Bh6 23. R4a2) ({Predecessor:} 22. b4 axb4 23. Nxb4 Nxb4 24. cxb4 Be8 25. R4a3 Bc6 26. Rb3 d5 27. Ba6 Qb6 28. b5 {0-1 (41) Li,R (2417)-Zhang,Z (2634) Manila 2007}) 22... Bh4 23. g3 Bd8 24. Bd3 (24. Ra2 $11) 24... Bxd3 $15 25. Qxd3 Qf7 26. f4 exf4 (26... Qa7 $15) 27. Rxf4 $14 Qg8 28. Rxf8 Qxf8 29. Qf5 {[%cal Rf5f8] [#]} (29. Kg2 {keeps more tension.} Ne5 30. Qe4 Bg5 31. Ng4 Nd7 32. Qf3) 29... Bf6 (29... Qe8 {seems wilder.} 30. Nc4 Qe1+ 31. Kg2 Qe2+ 32. Qf2 Qxf2+ 33. Kxf2 Kg8) 30. Nxf6 Qxf6 31. Qxf6 gxf6 {[%mdl 4096] Endgame KRN-KRN} 32. Kf2 Kg8 33. Nf5 d5 34. Ke3 Kf7 35. Nd4 Nxd4 36. Kxd4 {KR-KR} Ke6 37. c4 (37. Rxa5 $16 {b4 is the strong threat.} Rxb3 38. Ra7 (38. Rxd5 Rxc3 39. Rb5 Rc2 $11)) 37... dxc4 $11 38. bxc4 {[%cal Bb3c4,Bc4c5,Bc5c6,Bc6c7][%mdl 32]} Rb2 39. h4 Rg2 40. Kc5 h5 41. Kb6 {aiming for Re3+.} Rb2+ 42. Kc6 Kf5 $2 {[%mdl 8192] [#] Loses the game.} (42... a4 $16) 43. c5 $1 $18 Kg4 44. Kd7 Rd2+ 45. Kc7 Rc2 46. c6 f5 47. Kb7 Rb2+ 48. Kc8 Rc2 49. c7 Rd2 50. Rc3 {Weighted Error Value: White=0.13/Black=0.62} 1-0

[Event "Charlotte Holiday GM 2020"]
[Site "Charlotte"]
[Date "2020.12.31"]
[Round "9.5"]
[White "Belous, Vladimir"]
[Black "Gauri, Shankar"]
[Result "1-0"]
[WhiteElo "2524"]
[BlackElo "2356"]
[Annotator "TA"]
[PlyCount "85"]
[EventDate "2020.12.26"]
[EventType "tourn"]
[EventCountry "USA"]
[SourceTitle "playchess.com"]
[Source "ChessBase"]
[SourceQuality "1"]

{[%evp 12,85,0,0,29,19,15,13,51,36,67,60,64,60,60,34,29,0,-6,-24,12,11,41,17,14,-19,35,25,33,26,38,35,37,41,47,53,64,61,61,70,62,63,51,63,51,0,0,0,114,130,167,162,157,0,75,14,1029,1016,2104,2087,29986,29987,29987,840,29991,29992,29992,29993,29993,29994,29996,29997,29998,29998,29998,29999]} 1. c4 c6 2. Nf3 d5 3. e3 Nf6 4. d4 Bf5 5. cxd5 cxd5 6. Nc3 Nc6 7. Ne5 Bd7 {now scores much better than the old 7...e6. D13: Slav Defence: Exchange variation without ...Bf5.} 8. Bd3 e6 9. f4 Bd6 {The position is equal.} 10. O-O Ne7 {[#]} 11. g4 $146 ({Predecessor:} 11. Bd2 Bc6 12. Be1 Nf5 13. Qf3 Be7 14. Qh3 Nd6 15. Bh4 Nfe4 16. Bxe7 Qxe7 17. Bxe4 dxe4 {0-1 (67) Milov,V (2638)-Gurevich,M (2633) Bastia 2006}) 11... Bc6 12. Qf3 O-O 13. Qh3 Bxe5 14. fxe5 Ne4 15. b3 {[%cal Bb2b3,Bb3a4,Ba4a5][%mdl 32]} Qa5 {[#]} 16. Bd2 {Threatens to win with Nxe4.} Qb6 (16... Qd8 17. Be1) 17. Rab1 Ng6 {[%cal Be7g6,Bg6h4,Bh4f3][%mdl 32]} 18. Na4 Bxa4 (18... Qc7 $11 19. Bb4 Rfc8) 19. bxa4 $14 Qc6 20. Bb4 Rfc8 21. a5 Rc7 22. Qg2 Nh4 23. Qb2 Rac8 24. Bxe4 dxe4 25. Bd6 Nf3+ 26. Kh1 $1 Qc2 {aiming for ...Rc3.} ({Avoid the trap} 26... Rd7 $2 27. Rfc1 $18) 27. Bxc7 Rxc7 28. Rf2 (28. g5 $14) 28... Qd3 $1 $11 29. Rc1 h5 30. gxh5 $16 Rc6 31. Rcf1 Qxe3 32. Rg2 $2 ({And not} 32. Qxb7 Rc1 $11) ({Only move:} 32. h6 $1 $16 {[%cal Rh6g7] Black must now prevent hxg7.} Rc7 33. hxg7 Qxd4 34. Qxd4 Nxd4 35. Re1) 32... Qd3 (32... Kh7 $11 {remains equal.}) 33. Qb1 (33. Qe2 $1 $16 {[%cal Re2d3] And now Qxd3 would win.} Qxd4 34. Rg4) 33... Qxd4 {[%mdl 8192] [#] This move loses the game for Black.} (33... Rc3 $11) 34. h6 $1 $18 ({Weaker is} 34. Qxb7 Qc4 $14) 34... g6 35. Qxb7 Qc4 {[#]} 36. Rxg6+ $1 {[%mdl 512]} Kh8 {[#]} 37. Rxf3 $1 exf3 (37... Rc7 38. Qb8+) 38. Qxf7 {[%csl Gf7][%cal Rg6g8] KQR-KQR. White mates.} Qf1+ 39. Rg1 {[%csl Gg1,Gh6][%cal Rf7g7]} Qg2+ 40. Rxg2 {[%csl Gf7][%cal Rg2g8]} Rc1+ 41. Rg1 Rxg1+ 42. Kxg1 {[%csl Gh6][%cal Rf7g7]} f2+ 43. Kxf2 {[%csl Gh6][%cal Rf7g7] Weighted Error Value: White=0.20/Black=0.55} 1-0